L'esthétique théâtrale (notice n° 1925449)

détails MARC
000 -LEADER
fixed length control field 01006cam a2200133 4500500
005 - DATE AND TIME OF LATEST TRANSACTION
control field 20260329023211.0
041 ## - LANGUAGE CODE
Language code of text/sound track or separate title fre
042 ## - AUTHENTICATION CODE
Authentication code dc
100 10 - MAIN ENTRY--PERSONAL NAME
Personal name Naugrette, Catherine
Relator term author
245 00 - TITLE STATEMENT
Title L'esthétique théâtrale
260 ## - PUBLICATION, DISTRIBUTION, ETC.
Name of publisher, distributor, etc. Armand Colin,<br/>
Date of publication, distribution, etc. 2016.<br/>
520 ## - SUMMARY, ETC.
Summary, etc. Ce manuel permet de découvrir les principales théories du théâtre, en même temps qu’il offre une réflexion sur les grandes questions concernant la création et la réception de l’œuvre théâtrale. De Platon à Edward Bond, en passant par Corneille, Diderot, Hugo ou Brecht, les positions des principaux théoriciens du théâtre sont abordées. La progression historique met ainsi en lumière les filiations qui nous permettent encore aujourd’hui de penser le théâtre, du texte à la mise en scène. Des études de textes et des analyses détaillées viennent compléter cet outil indispensable.
856 41 - ELECTRONIC LOCATION AND ACCESS
Uniform Resource Identifier <a href="https://shs.cairn.info/l-esthetique-theatrale--9782200614188?lang=fr&redirect-ssocas=7080">https://shs.cairn.info/l-esthetique-theatrale--9782200614188?lang=fr&redirect-ssocas=7080</a>

Pas d'exemplaire disponible.

PLUDOC

PLUDOC est la plateforme unique et centralisée de gestion des bibliothèques physiques et numériques de Guinée administré par le CEDUST. Elle est la plus grande base de données de ressources documentaires pour les Étudiants, Enseignants chercheurs et Chercheurs de Guinée.

Adresse

627 919 101/664 919 101

25 boulevard du commerce
Kaloum, Conakry, Guinée

Réseaux sociaux

Powered by Netsen Group @ 2025